LEADER 01307nam0 22003133i 450 001 TO00163931 005 20251003044402.0 100 $a20250101d1919 ||||0itac50 ba 101 | $aita 102 $ait 181 1$6z01$ai $bxxxe 182 1$6z01$an 183 1$6z01$anc$2RDAcarrier 200 1 $aˆIl ‰rispetto della legge dinanzi al principio di autorità$ecritica alla filosofia civile di Hobbes$fBenvenuto Donati 210 $aRoma$cAthenaeum$d1919 215 $a93 p.$d23 cm 300 $aEstr. da: Annali dell'Istituto giuridico della Università di Perugia, vol. XXXI, 1919, s. IV, vol. I 606 $aFilosofia e teoria$2FIR$3NAPC314525$9I 676 $a320.01$9SCIENZA POLITICA (POLITICA E GOVERNO). FILOSOFIA E TEORIA$v23 700 1$aDonati$b, Benvenuto$3TO0V090720$4070$0176920 790 1$aDonati$b, B.$3UTOV567301$zDonati, Benvenuto 801 3$aIT$bIT-000000$c20250101 850 $aIT-BN0095 901 $bNAP 01$cD $n$ 912 $aTO00163931 950 0$aBiblioteca Centralizzata di Ateneo$d 01D (AR) 5 399$e 01AR 0070053995 VMA A4 1 v.$fY $h20230517$i20230517$lFondo Chiomenti$mEx Libris 977 $a 01 996 $aRispetto della legge dinanzi al principio di autorità$93249612 997 $aUNISANNIO